| 000 | 00925nam0a22002291i 4500 | ||
|---|---|---|---|
| 001 | rc\4636376 | ||
| 005 | 20240726020705.0 | ||
| 021 |
_aRU _b[59-64616] |
||
| 035 | _a(NLR Aleph) 008406862 | ||
| 090 |
_a9271389 _c9271389 |
||
| 100 | _a20130416d1959 |||y0rusy50 ca | ||
| 101 | 0 | _arus | |
| 102 | _aRU | ||
| 105 | _ay d ||||| | ||
| 200 | 1 |
_aИз истории Батуми _e(Присоединение к России и соц.-экон. развитие в 1878-1907 гг.) _eАвтореферат дис. на соискание учен. степени кандидата ист. наук _fАкад. наук Груз. ССР. Ин-т истории им. акад. И.А. Джавахишвили |
|
| 210 |
_aТбилиси _d1959 |
||
| 215 |
_a30 с. _d20 |
||
| 700 | 1 |
_aСичинава _bВ.Н. _gВладимир Н. |
|
| 801 | 0 |
_aRU _bNLR _gpsbo |
|
| 801 | 1 |
_aRU _bELAR _2rusmarc |
|
| 852 |
_aNLR _j60-4/687 |
||
| 942 | _cBOOK | ||